MARC details
| 000 -CABECERA |
| campo de control de longitud fija |
03060cam a22003258i 4500 |
| 001 - NÚMERO DE CONTROL |
| campo de control |
21273279 |
| 005 - FECHA Y HORA DE LA ÚLTIMA TRANSACCIÓN |
| campo de control |
20250331151525.0 |
| 008 - DATOS DE LONGITUD FIJA--INFORMACIÓN GENERAL |
| campo de control de longitud fija |
191024t20202020mau 001 0 eng |
| 010 ## - NÚMERO DE CONTROL DE LA BIBLIOTECA DEL CONGRESO |
| Número de control de LC |
2019043387 |
| 020 ## - NÚMERO INTERNACIONAL ESTÁNDAR DEL LIBRO |
| Número Internacional Estándar del Libro |
9781633699168 |
| Información calificativa |
(paperback) |
| 040 ## - FUENTE DE LA CATALOGACIÓN |
| Centro catalogador/agencia de origen |
MH/DLC |
| Lengua de catalogación |
eng |
| Normas de descripción |
rda |
| Centro/agencia transcriptor |
DLC |
| 042 ## - CÃDIGO DE AUTENTICACIÃN |
| Código de autenticación |
pcc |
| 050 00 - SIGNATURA TOPOGRÁFICA DE LA BIBLIOTECA DEL CONGRESO |
| Número de clasificación |
HD30.28 |
| Número de documento/Ítem |
.H3953 2020 |
| 245 00 - MENCIÓN DE TÍTULO |
| Título |
HBR's 10 must reads. |
| Número de parte o sección de la obra |
Vol. 2 |
| Resto del título |
: on strategy. |
| 246 30 - FORMA VARIANTE DE TÍTULO |
| Título propio/Titulo breve |
On strategy. |
| Número de parte o sección de la obra |
Vol. 2. |
| 246 3# - FORMA VARIANTE DE TÍTULO |
| Título propio/Titulo breve |
HBR's ten must reads on strategy. |
| Número de parte o sección de la obra |
Vol. 2. |
| 246 3# - FORMA VARIANTE DE TÍTULO |
| Título propio/Titulo breve |
Harvard business review's 10 must reads on strategy. |
| Número de parte o sección de la obra |
Vol. 2. |
| 246 3# - FORMA VARIANTE DE TÍTULO |
| Título propio/Titulo breve |
Harvard business review's ten must reads on strategy. |
| Número de parte o sección de la obra |
Vol. 2. |
| 264 #1 - PRODUCCIÓN, PUBLICACIÓN, DISTRIBUCIÓN, FABRICACIÓN Y COPYRIGHT |
| Producción, publicación, distribución, fabricación y copyright |
Boston, Massachusetts : |
| Nombre del de productor, editor, distribuidor, fabricante |
Harvard Business Review Press, |
| Fecha de producción, publicación, distribución, fabricación o copyright |
[2020] |
| 264 #4 - PRODUCCIÓN, PUBLICACIÓN, DISTRIBUCIÓN, FABRICACIÓN Y COPYRIGHT |
| Fecha de producción, publicación, distribución, fabricación o copyright |
©2020 |
| 300 ## - DESCRIPCIÓN FÍSICA |
| Extensión |
199 pages |
| 490 1# - MENCIÓN DE SERIE |
| Mención de serie |
HBR's 10 must reads |
| 500 ## - NOTA GENERAL |
| Nota general |
Includes index. |
| 505 0# - NOTA DE CONTENIDO CON FORMATO |
| Nota de contenido con formato |
Your Strategy Needs a Strategy —<br/>Transient Advantage —<br/>Bringing Science to the Art of Strategy —<br/>Managing Risks: A New Framework —<br/>Surviving Disruption —<br/>The Great Repeatable Business Model —<br/>Pipelines, Platforms, and the New Rules of Strategy —<br/>Why the Lean Start-Up Changes Everything —<br/>Strategy Needs Creativity —<br/>Put Purpose at the Core of Your Strategy —<br/>Creating Shared Value . |
| 520 ## - SUMARIO, ETC. |
| Sumario, etc. |
"Do you have the right strategy to lead your company into the future? More of the ideas you want, from the authors you trust. We've combed through hundreds of Harvard Business Review articles and selected the most important ones to help you combat new competitors and ensure that you can define--and execute--the best strategy for your company. With insights from leading experts, this book will inspire you to: choose a strategy that best meets the demands of your competitive environment, generate economic value for your company, while also producing value for society, create and capture new markets--and break free of old ones, see the growing relevance of data analytics in your organization, transform your products and services into platforms, identify the signals of future disruption and take steps to avoid it. HBR's 10 Must Reads paperback series is the definitive collection of books for new and experienced leaders alike. Leaders looking for the inspiration that big ideas provide, both to accelerate their own growth and that of their companies, should look no further. HBR's 10 Must Reads series focuses on the core topics that every ambitious manager needs to know: leadership, strategy, change, managing people, and managing yourself. Harvard Business Review has sorted through hundreds of articles and selected only the most essential reading on each topic. Each title includes timeless advice that will be relevant regardless of an ever-changing business environment"-- |
| Fuente proveedora |
Provided by publisher. |
| 650 #0 - PUNTO DE ACCESO ADICIONAL DE MATERIA--TÉRMINO DE MATERIA |
| Término de materia o nombre geográfico como elemento de entrada |
Strategic planning |
| 9 (RLIN) |
3573 |
| 830 #0 - PUNTO DE ACCESO ADICIONAL DE SERIE-TÍTULO UNIFORME |
| Título uniforme |
HBR's 10 must reads (Series) |
| 942 ## - ELEMENTOS DE ENTRADA AGREGADA (KOHA) |
| Fuente del sistema de clasificación o colocación |
Clasificación de Library of Congress |